Zaka Ullah of Delhi / (Record no. 35047)

MARC details
000 -LEADER
fixed length control field 01155nam a2200277 a 4500
005 - DATE AND TIME OF LATEST TRANSACTION
control field 20100403143932.0
008 - FIXED-LENGTH DATA ELEMENTS--GENERAL INFORMATION
fixed length control field 030813r20031929ii 000 0beng
010 ## - LCCN (DPL NO)
LC control number B-379439
020 ## - INTERNATIONAL STANDARD BOOK NUMBER
International Standard Book Number 0195659090
Terms of availability 350.00
020 ## - INTERNATIONAL STANDARD BOOK NUMBER
International Standard Book Number 9780195659092
Terms of availability 350.00
035 ## - SYSTEM CONTROL NUMBER
System control number B-379439
037 ## - SOURCE OF ACQUISITION
Source of stock number/acquisition UBH
040 ## - CATALOGING SOURCE
Original cataloging agency dpl
Language of cataloging English
082 ## - DEWEY DECIMAL CLASSIFICATION NUMBER
Classification number 370.92
100 ## - MAIN ENTRY--PERSONAL NAME
Personal name Andrews, C. F.
Fuller form of name (Charles Freer),
245 ## - TITLE STATEMENT
Title Zaka Ullah of Delhi /
Statement of responsibility, etc by C.F. Andrews ; with introductions by Mushirul Hasan and Margrit Pernau.
260 ## - PUBLICATION, DISTRIBUTION, ETC. (IMPRINT)
Place of publication, distribution, etc New Delhi
Name of publisher, distributor, etc Oxford University Press
Date of publication, distribution, etc 2003
270 ## - ADDRESS
Address YMCA Library Building, Jai Singh Road,
City New Delhi
Postal code 110001
300 ## - PHYSICAL DESCRIPTION
Extent lxxv, 114 p.
Dimensions 23 cm(Hb)
600 ## - SUBJECT ADDED ENTRY--PERSONAL NAME
Personal name Z̲akāʼullāh, Muḥammad,
Dates associated with a name 1832-1910.
650 ## - SUBJECT ADDED ENTRY--TOPICAL TERM
Topical term or geographic name as entry element Educators
Geographic subdivision India
Form subdivision Biography.
651 ## - SUBJECT ADDED ENTRY--GEOGRAPHIC NAME
Geographic name Delhi (India)
General subdivision History.
942 ## - ADDED ENTRY ELEMENTS (KOHA)
Source of classification or shelving scheme Dewey Decimal Classification
Item type English Books
Classification part 370.92
Call number suffix AND
Holdings
Withdrawn status Lost status Source of classification or shelving scheme Damaged status Not for loan Collection code Home library Current library Date acquired Source of acquisition Cost, normal purchase price Total Checkouts Full call number Barcode Date last seen Copy number Cost, replacement price Koha item type
    Dewey Decimal Classification   Not For Loan Reference Central Library Central Library 03/04/2010 UBH/245/24.2.10/178/23.2.10/24.2.10 350.00   370.92 AND B-379439 03/04/2010 1 350.00 English Books

© Delhi Public Library
Hit Counter
free hit counter